Catalog

Record Details

Catalog Search



Gathering dark  Cover Image CD Audiobook CD Audiobook

Gathering dark / Candice Fox,

Fox, Candice, (author.). Bennett, Erin, (narrator.). Vacker, Karissa, (narrator.).

Summary:

"Dr. Blair Harbour, once a wealthy, respected pediatric surgeon, is now an ex-con down on her luck. She's determined to keep her nose clean and win back custody of her son. But when her former cellmate begs for help to find her daughter, gone missing on the streets of Los Angeles, Blair is compelled to put her newfound freedom on the line. It's been ten years since Detective Jessica Sanchez arrested Blair for cold-blooded murder. So when Jessica opens the door to the disgraced doctor late one night, she expects abuse, maybe even violence. What comes next is a plea for help."--Container.

Record details

  • ISBN: 9781250789761
  • ISBN: 1250789761
  • Physical Description: 9 audio discs (approximately 11 hr., 10 min.) : CD audio, digital ; 4 3/4 in..
  • Publisher: [New York] : Macmillan Audio, [2021]

Content descriptions

General Note:
Compact discs.
"Good girls flee. Bad girls fight." -- Container.
Participant or Performer Note:
Read by Erin Bennett and Karissa Vacker.
Subject: Sanchez, Jessica (Fictitious character).
Women detectives > Fiction.
Police > Fiction.
Ex-convicts > Fiction.
Missing persons > Fiction.
Los Angeles (Calif.) > Fiction.
Genre: Thrillers (Fiction)
Audiobooks.

Available copies

  • 1 of 1 copy available at scottsboropl.

Holds

  • 0 current holds with 1 total copy.
Show Only Available Copies
Location Call Number / Copy Notes Barcode Shelving Location Status Due Date
scottsboropl BK/CD Fox 32269001173254 Adult - Audiobook Available -

LDR 03053cim a2200673 i 4500
001156258
003SBPL
00520210723103213.0
008201116s2021 nyunnnne f n eng d
007sd fungnnmmned
020 . ‡a9781250789761 ‡q(sound recording ; ‡qMacmillan Audio)
020 . ‡a1250789761 ‡q(sound recording ; ‡qMacmillan Audio)
035 . ‡a(OCoLC)1226441171
050 4. ‡aPR9619.4.F694 ‡bG38 2021ab
08204. ‡a823/.92 ‡223
1001 . ‡aFox, Candice, ‡eauthor.
24510. ‡aGathering dark / ‡cCandice Fox,
264 1. ‡a[New York] : ‡bMacmillan Audio, ‡c[2021]
300 . ‡a9 audio discs (approximately 11 hr., 10 min.) : ‡bCD audio, digital ; ‡c4 3/4 in..
306 . ‡a111000
336 . ‡aspoken word ‡bspw ‡2rdacontent
337 . ‡aaudio ‡bs ‡2rdamedia
338 . ‡aaudio disc ‡bsd ‡2rdacarrier
344 . ‡adigital ‡2rdatr
344 . ‡boptical ‡2rdarm
344 . ‡c1.4 m/s
347 . ‡aaudio file ‡2rdaft
347 . ‡bCD audio
4901 . ‡aJessica Sanchez ; ‡v1
5110 . ‡aRead by Erin Bennett and Karissa Vacker.
500 . ‡aCompact discs.
500 . ‡a"Good girls flee. Bad girls fight." -- Container.
520 . ‡a"Dr. Blair Harbour, once a wealthy, respected pediatric surgeon, is now an ex-con down on her luck. She's determined to keep her nose clean and win back custody of her son. But when her former cellmate begs for help to find her daughter, gone missing on the streets of Los Angeles, Blair is compelled to put her newfound freedom on the line. It's been ten years since Detective Jessica Sanchez arrested Blair for cold-blooded murder. So when Jessica opens the door to the disgraced doctor late one night, she expects abuse, maybe even violence. What comes next is a plea for help."--Container.
60010. ‡aSanchez, Jessica ‡c(Fictitious character).
650 0. ‡aWomen detectives ‡vFiction.
650 0. ‡aPolice ‡vFiction.
650 0. ‡aEx-convicts ‡vFiction.
650 0. ‡aMissing persons ‡vFiction.
651 0. ‡aLos Angeles (Calif.) ‡vFiction.
655 7. ‡aThrillers (Fiction) ‡2lcgft
655 7. ‡aAudiobooks. ‡2lcgft
7001 . ‡aBennett, Erin, ‡enarrator.
7001 . ‡aVacker, Karissa, ‡enarrator.
8001 . ‡aFox, Candice. ‡tJessica Sanchez series. ‡sSpoken word ; ‡vbk. 1.
901 . ‡a156258 ‡b ‡c156258 ‡tbiblio

Additional Resources